Ce film a-t-il gagné l’Oscar du meilleur film ? - Statistiques

Statistiques générales
  • Ce quiz a été pris 58 fois
  • Le résultat moyen est 5 sur 12
Answers on the Grid
Answers color-coded by a green-red scale on the quiz's grid according to % correct below.
12 Years a Slave
Amadeus
American Beauty
Argo
Batman : The Dark Knight
Django Unchained
Gladiator
Inception
Interstellar
La la land
Le Loup de Wall Street
Le silence des agneaux
Les Infiltrés
No Country for Old Men
Parasite
Pulp Fiction
Rain man
Seven
Slumdog Millionaire
Taxi Driver
The Social Network
The Truman Show
Titanic
Whiplash
 
Statistiques - réponses
Réponse % Correct
Amadeus
68%
12 Years a Slave
62%
Gladiator
56%
American Beauty
44%
Titanic
44%
No Country for Old Men
38%
Parasite
38%
Le silence des agneaux
35%
Argo
29%
Slumdog Millionaire
29%
Rain man
24%
Les Infiltrés
21%
Aucun quiz correspondant
Distribution des résultats
% des personnes avec chaque résultat
Percentile par nombre de réponses
Votre historique - résultats
Vous n’avez pas pris ce quiz